000 01027nam0a22002771 4500
001 rc\4985825
005 20250613054035.0
021 _aRU
_bРг7533-64
035 _a(NLR Aleph) 008969938
090 _a9118244
_c9118244
100 _a20130430d1964 |||y0rusy50 ca
101 0 _arus
102 _aRU
105 _ay z |||||
200 1 _a[Инфракрасные спектры поглощения балтийского янтаря (сукцинита)
_eКраткие сообщения]
_e[1-2]
_fАкад. наук СССР
210 _aМосква
_aЛенинград
_cНаука
_d1964
215 _a930-931, 1120-1122 с.
_d26
300 _a"Журнал прикладной химии", т. 37. Отд. отт.
300 _aОтпеч. множит. аппаратом
700 1 _aСавкевич
_bС.С.
_f1930-
_gСвятослав Сергеевич
701 1 _aШакс
_bИ.А.
801 0 _aRU
_bNLR
_gpsbo
801 1 _aRU
_bELAR
_2rusmarc
852 _aNLR
_j64-7/2288
942 _cBOOK
980 _aNB